| 000 | 01131nam a2200301 a 4500 | ||
|---|---|---|---|
| 001 | 000116115 | ||
| 003 | CHAP | ||
| 005 | 20220329144601.0 | ||
| 008 | 190911s2019 mx a |sm |||||||spa d | ||
| 010 | _a112576 | ||
| 011 | _a113548 | ||
| 040 | _cCHAP | ||
| 090 | _aTesis | ||
| 100 | 1 |
_aCristobal Muñoz, David. _9136852 |
|
| 245 | 1 | 0 |
_aDesarrollo de una interfaz gráfica de usuario para cálculo del coeficiente de consumo de calor total en invernaderos. _h[En línea] _cpor David Cristobal Muñoz. |
| 260 |
_aChapingo, Méx. : _bEl autor, _c2019. |
||
| 500 | _aPara ver el contenido del material haga clic en la liga | ||
| 502 | _aTesis (Ing. Mecánico Agrícola) -- UACH. Departamento de Ingenieria Mecánica Agrícola | ||
| 590 |
_aBATCH-UPD _b05 _c20190911 _lUCH01 _h1241 |
||
| 590 |
_aE6339RRR _b05 _c20190911 _lUCH01 _h1240 |
||
| 590 |
_aE6339RRR _b05 _c20190911 _lUCH01 _h1240 |
||
| 650 | 1 | 4 |
_aInvernaderos _xAutomatización. _960174 |
| 650 | 1 | 4 |
_aInvernaderos _xEnergía _xConsumo. _9133093 |
| 856 |
_aFinding aid _uhttp://10.13.5.2/tesis/sist116115.pdf _zTeclea aquí |
||
| 901 | _aBK | ||
| 942 | _cTESIS | ||
| 942 | _n0 | ||
| 999 |
_c112576 _d112576 |
||